000 00414pab a2200145 454500
008 180718b1982 xxu||||| |||| 00| 0 eng d
100 _aAderinto, Adeyemo
245 _aManpower planning in the Context of perspective economic planning in Nigeria
_bAn overview
260 _c1982
300 _a53-72
362 _aJuly-Sept.
650 _aNigeria - Manpower Policy
773 _aManpower Journal
909 _a14093
999 _c14093
_d14093